[Event "TUR-chT 2nd League"]
[Site "Denizli"]
[Date "2024.07.15"]
[Round "1.5"]
[White "Onay, Emrah"]
[Black "Daloglu, Berkay"]
[Result "1-0"]
[WhiteElo "1879"]
[BlackElo "1759"]
[PlyCount "99"]
[EventDate "2024.07.15"]
[EventType "team-swiss"]
[EventRounds "9"]
[EventCountry "TUR"]
[SourceTitle "EXT 2025"]
[Source "ChessBase"]
[SourceDate "2024.10.14"]
[SourceVersion "1"]
[SourceVersionDate "2024.10.14"]
[SourceQuality "1"]
[WhiteTeam "Manisa Turkuaz"]
[BlackTeam "Istanbul Satranc"]
[WhiteTeamCountry "TUR"]
[BlackTeamCountry "TUR"]

1. e4 c5 2. c3 d5 3. exd5 Qxd5 4. d4 cxd4 5. cxd4 Nc6 6. Nf3 e5 7. Nc3 Bb4 8. Bd2 Bxc3 9. Bxc3 e4 10. Ne5 Nxe5 11. dxe5 Ne7 12. Qc2 Bg4 13. h3 Bh5 14. Qa4+ Nc6 15. Bc4 Qd7 16. Qb5 a6 17. Qc5 Qe7 18. Qxe7+ Kxe7 19. 0-0 Rhd8 20. Rfe1 b5 21. Be2 Bg6 22. a3 Rd5 23. f4 f5 24. exf6+ gxf6 25. g4 Nd4 26. Bd1 f5 27. Kf2 Rad8 28. a4 Kf8 29. axb5 axb5 30. Ra7 Nc6 31. Ra1 b4 32. Bf6 Rd2+ 33. Kf1 R8d3 34. Be2 Rxh3 35. g5 Bh5 36. Ra8+ Be8 37. Kg2 Re3 38. Kf1 Rh3 39. Kg1 Re3 40. Rxe8+ Kxe8 41. Bh5+ Kd7 42. Rxe3 Na5 43. Bf7 Nc6 44. Bg8 Ke8 45. Bxh7 Rd1+ 46. Kg2 Rd2+ 47. Kg3 Nd4 48. g6 Rd1 49. Bxd4 Rxd4 50. g7 1-0

[Event "Dimitrovgrad Caribrod op"]
[Site "Dimitrovgrad"]
[Date "2024.03.29"]
[Round "1"]
[White "Voiska, Margarita"]
[Black "Daloglu, Berkay"]
[Result "1/2-1/2"]
[WhiteElo "2178"]
[BlackElo "1739"]
[PlyCount "49"]
[EventDate "2024.03.29"]
[EventType "swiss"]
[EventRounds "7"]
[EventCountry "SRB"]
[SourceTitle "CBM 219 Extra"]
[Source "ChessBase"]
[SourceDate "2024.05.31"]
[SourceVersion "1"]
[SourceVersionDate "2024.05.31"]
[SourceQuality "1"]

1. e4 c5 2. Nf3 d6 3. c3 g6 4. d4 cxd4 5. cxd4 Bg7 6. Nc3 a6 7. h3 Nc6 8. Be2 e6 9. 0-0 Nge7 10. Bf4 d5 11. e5 0-0 12. Qd2 b5 13. Bh6 Bxh6 14. Qxh6 Nf5 15. Qd2 f6 16. exf6 Qxf6 17. Rad1 Bd7 18. a3 Rac8 19. Rfe1 Nd6 20. Bf1 Nc4 21. Bxc4 bxc4 22. Ne5 Nxe5 23. Rxe5 Rb8 24. Qe2 Qf4 25. Rd2 1/2-1/2

[Event "TUR-chT2"]
[Site "Konya"]
[Date "2017.07.12"]
[Round "5.12"]
[White "Yapici, Mustafa"]
[Black "Daloglu, Berkay"]
[Result "0-1"]
[WhiteElo "1762"]
[BlackElo "1691"]
[PlyCount "108"]
[EventDate "2017.07.09"]
[EventType "team-swiss"]
[EventRounds "9"]
[EventCountry "TUR"]
[SourceTitle "CBM 179 Extra"]
[Source "ChessBase"]
[SourceDate "2017.08.23"]
[SourceVersion "1"]
[SourceVersionDate "2017.08.23"]
[SourceQuality "1"]
[WhiteTeam "Dobruca"]
[BlackTeam "Genclik Egitim"]
[WhiteTeamCountry "TUR"]
[BlackTeamCountry "TUR"]

1. d4 d6 2. Nf3 Nf6 3. c4 g6 4. Nc3 Bg7 5. e4 0-0 6. Be2 Nbd7 7. e5 dxe5 8. dxe5 Ng4 9. e6 fxe6 10. 0-0 Nde5 11. Qc2 Nxf3+ 12. Bxf3 Ne5 13. Be2 Nc6 14. Rd1 Nd4 15. Qe4 c6 16. Bg4 e5 17. Bxc8 Qxc8 18. Be3 Qf5 19. Rd2 Rad8 20. f3 Qxe4 21. Nxe4 b6 22. c5 b5 23. Rad1 Rd5 24. Kf2 Rfd8 25. Bg5 Kf8 26. Rc1 Ne6 27. Be3 Rxd2+ 28. Bxd2 Nf4 29. Rc2 Rd5 30. g3 Ne6 31. Be3 Ke8 32. Rc1 a5 33. h4 Kd7 34. Nc3 Nxc5 35. Ke2 Nd3 36. Rh1 Rd6 37. Ne4 Rd5 38. Nc3 Rd6 39. b4 Nxb4 40. Ne4 Rd5 41. a3 Nc2 42. Bc1 Kc7 43. h5 Nd4+ 44. Kf2 Nb3 45. hxg6 hxg6 46. Be3 Bf6 47. Rh6 g5 48. Nxf6 exf6 49. Rxf6 b4 50. axb4 axb4 51. Bxg5 Nd2 52. Bxd2 Rxd2+ 53. Ke3 Rc2 54. Kd3 b3 0-1

[Event "TUR-chT2"]
[Site "Konya"]
[Date "2017.07.10"]
[Round "2.17"]
[White "Daloglu, Berkay"]
[Black "Basgul, Dincer"]
[Result "0-1"]
[WhiteElo "1691"]
[BlackElo "1451"]
[PlyCount "29"]
[EventDate "2017.07.09"]
[EventType "team-swiss"]
[EventRounds "9"]
[EventCountry "TUR"]
[SourceTitle "CBM 179 Extra"]
[Source "ChessBase"]
[SourceDate "2017.08.23"]
[SourceVersion "1"]
[SourceVersionDate "2017.08.23"]
[SourceQuality "1"]
[WhiteTeam "Genclik Egitim"]
[BlackTeam "Burdur Belediyesi"]
[WhiteTeamCountry "TUR"]
[BlackTeamCountry "TUR"]

1. Nf3 d5 2. c4 Nf6 3. b3 Nc6 4. d4 Bf5 5. a3 a5 6. e3 e6 7. Bd3 Bg4 8. h3 Bh5 9. Nc3 Bg6 10. 0-0 Be7 11. Bb2 0-0 12. Qc2 Bxd3 13. Qxd3 Re8 14. Rfd1 Bd6 15. Rac1 0-1